000 01113nam a2200277Ia 4500
003 OSt
005 20221005105113.0
006 a|||||r|||| 00| 0
007 ta
008 221004b |||||||| |||| 00| 0 hin d
020 _a9789380172019 (pbk)
_cINR 180.00
024 _a37620
037 _b1519, 21/02/2018, Bookwell
_cTextual
040 _aCRL
_cCRL
_bhin
041 _2hin
_ahin
082 _aY:1.1, 152P9;Q5
100 _aदेवेश विजय, ले.
245 0 _aसांस्कृतिक इतिहास
_b एक तुलनात्मक सर्वेक्षण
246 _aSāanskṛutik itihāsa: ek tulanātmak sarvekṣhaṇa
250 _aसंशोधित
260 _aदिल्ली
_bहिंदी माध्यम कार्यान्वय निदेशालय भारत
_c2015
300 _a455पृ0
_ccm.
650 _aभारतीय-लोक साहित्य
942 _hY:1.1, 152P9;Q5
_cTEXL
_2cc
999 _c1014757
_d1014757